[Event "CZE-chT2D 1415"]
[Site "Czech Republic"]
[Date "2015.02.08"]
[Round "7.8"]
[White "Hubacek, Ondrej"]
[Black "Lipavsky, Dusan"]
[Result "1/2-1/2"]
[WhiteElo "2026"]
[BlackElo "1996"]
[PlyCount "62"]
[EventDate "2014.11.02"]
[EventType "team-tourn"]
[EventRounds "11"]
[EventCountry "CZE"]
[SourceTitle "EXT 2022"]
[Source "ChessBase"]
[SourceDate "2021.10.06"]
[SourceVersion "1"]
[SourceVersionDate "2021.10.06"]
[SourceQuality "1"]
[WhiteTeam "Lipa ZVU Engineering"]
[BlackTeam "Vysoke Myto"]
[WhiteTeamCountry "CZE"]
[BlackTeamCountry "CZE"]

1. e4 c6 2. d4 d5 3. Nc3 dxe4 4. Nxe4 Bf5 5. Ng3 Bg6 6. Nf3 Nd7 7. h4 h6 8. h5 Bh7 9. Bd3 Bxd3 10. Qxd3 e6 11. Bd2 Qc7 12. 0-0-0 Ngf6 13. Ne4 Nxe4 14. Qxe4 Nf6 15. Qe2 0-0-0 16. g3 Bd6 17. c4 Qe7 18. Ne5 Nd7 19. f4 Nxe5 20. dxe5 Bb4 21. Be3 Bc5 22. Qf2 Bxe3+ 23. Qxe3 b6 24. a3 c5 25. Qf3 Qb7 26. Rxd8+ Rxd8 27. Qxb7+ Kxb7 28. Rd1 Rxd1+ 29. Kxd1 g6 30. g4 gxh5 31. gxh5 Kc6 1/2-1/2

[Event "CZE-chT2D 1415"]
[Site "Czech Republic"]
[Date "2014.11.16"]
[Round "2.8"]
[White "Lipavsky, Dusan"]
[Black "Sedivy, Ales"]
[Result "1/2-1/2"]
[WhiteElo "1996"]
[BlackElo "1973"]
[PlyCount "38"]
[EventDate "2014.11.02"]
[EventType "team-tourn"]
[EventRounds "11"]
[EventCountry "CZE"]
[SourceTitle "EXT 2022"]
[Source "ChessBase"]
[SourceDate "2021.10.06"]
[SourceVersion "1"]
[SourceVersionDate "2021.10.06"]
[SourceQuality "1"]
[WhiteTeam "Vysoke Myto"]
[BlackTeam "Jicin II"]
[WhiteTeamCountry "CZE"]
[BlackTeamCountry "CZE"]

1. e4 e6 2. d4 d5 3. exd5 exd5 4. Bf4 Bd6 5. Bxd6 Qxd6 6. c3 Bf5 7. Bd3 Ne7 8. Bxf5 Nxf5 9. Qe2+ Kd7 10. Nf3 Nc6 11. 0-0 f6 12. Qd3 g6 13. Re1 Rae8 14. Nbd2 a5 15. Rxe8 Rxe8 16. Re1 Rxe1+ 17. Nxe1 Qe6 18. Kf1 h5 19. Qe2 Qxe2+ 1/2-1/2

[Event "CZE-chT2D 1112"]
[Site "Czech Republic"]
[Date "2011.12.04"]
[Round "4"]
[White "Lipavsky, Dusan"]
[Black "Kraus, Ondrej"]
[Result "1/2-1/2"]
[WhiteElo "2023"]
[BlackElo "1988"]
[PlyCount "90"]
[EventDate "2011.10.09"]
[EventType "team-tourn"]
[EventRounds "11"]
[EventCountry "CZE"]
[SourceTitle "EXT 2013"]
[Source "ChessBase"]
[SourceDate "2012.11.22"]
[SourceVersion "1"]
[SourceVersionDate "2012.11.22"]
[SourceQuality "1"]
[WhiteTeam "Vysoke Myto"]
[BlackTeam "Pardubice AKIS"]
[WhiteTeamCountry "CZE"]
[BlackTeamCountry "CZE"]

1. e4 c6 2. d4 d5 3. exd5 cxd5 4. Bd3 Nf6 5. h3 Nc6 6. Nf3 g6 7. c3 Bf5 8. Bxf5 gxf5 9. Qd3 Ne4 10. Qb5 Qd7 11. Bf4 Bg7 12. Nbd2 0-0 13. 0-0 a6 14. Qe2 e6 15. Rae1 Rac8 16. Nb3 Ne7 17. Ne5 Qa4 18. Nc1 Ng6 19. Nxg6 hxg6 20. f3 Nf6 21. g4 Rfe8 22. Qd2 Nd7 23. a3 Qc6 24. Nd3 Bf8 25. Re2 Bd6 26. Kg2 Bxf4 27. Qxf4 Qc4 28. Qd2 Kg7 29. Rfe1 Nf6 30. gxf5 exf5 31. Rxe8 Rxe8 32. Rxe8 Nxe8 33. Qe3 Nf6 34. Nc5 Qb5 35. b3 Qc6 36. a4 Qc8 37. Qe2 b6 38. Qxa6 Qb8 39. Qb7 Qe8 40. Nd3 Qe3 41. Nf2 Nh5 42. Qc7 Qg5+ 43. Kf1 Qc1+ 44. Kg2 Qg5+ 45. Kf1 Qc1+ 1/2-1/2

[Event "CZE-chT2D 1011"]
[Site "Czech Republic"]
[Date "2011.01.23"]
[Round "6"]
[White "Linhart, Zbynek"]
[Black "Lipavsky, Dusan"]
[Result "1-0"]
[WhiteElo "1935"]
[BlackElo "2015"]
[PlyCount "47"]
[EventDate "2010.10.17"]
[EventType "team-tourn"]
[EventRounds "11"]
[EventCountry "CZE"]
[SourceTitle "EXT 2012"]
[Source "ChessBase"]
[SourceDate "2011.11.24"]
[SourceVersion "1"]
[SourceVersionDate "2011.11.24"]
[SourceQuality "1"]
[WhiteTeam "Chrudim"]
[BlackTeam "Vysoke Myto"]
[WhiteTeamCountry "CZE"]
[BlackTeamCountry "CZE"]

1. d4 Nf6 2. c4 g6 3. Nc3 Bg7 4. e4 d6 5. f4 0-0 6. Nf3 c6 7. Be2 Qc7 8. 0-0 Ne8 9. Be3 e6 10. Qd2 a6 11. a4 Nd7 12. b4 Ndf6 13. Kh1 d5 14. cxd5 cxd5 15. e5 Ng4 16. Bg1 f5 17. Rfc1 Qe7 18. h3 Nh6 19. b5 Nf7 20. Bf2 h6 21. Bh4 Qd7 22. a5 Nd8 23. Na4 Nc7 24. Nb6 1-0